Social identity and status in the Classical and Hellenistic Northern Peloponnese : the evidence from burials /
Classical and Hellenistic cemeteries can give us more than descriptions and styles of pottery, art and burial architecture; they can speak of people, societies, social conventions as well as of social distinctions. This book aims to employ and illustrate the unique strengths of burial evidence and i...
المؤلف الرئيسي:
التنسيق: كتاب الكتروني
اللغة: English
منشور في:
Oxford :
Archaeopress Publishing Ltd,
[2016]
سلاسل:
Archaeopress archaeology.
الموضوعات:
الوصول للمادة أونلاين: Login to view Source
الوسوم: إضافة وسم
رقم الطلب: DF261.P3
| LEADER | 02220nam a2200445 i 4500 | ||
|---|---|---|---|
| 001 | EDZ0001650187 | ||
| 003 | StDuBDS | ||
| 005 | 20230412181907.0 | ||
| 006 | m|||||o||d|||||||| | ||
| 007 | cr ||||||||||| | ||
| 008 | 161214t20162016enka fo 000|0|eng|d | ||
| 020 | |a 9781784915070 (ebook) : |c No price | ||
| 040 | |a StDuBDS |b eng |c StDuBDS |e rda |e pn | ||
| 050 | 4 | |a DF261.P3 | |
| 082 | 0 | 4 | |a 938.6 |2 23 |
| 100 | 1 | |a Dimakis, Nikolas, |e author. | |
| 245 | 1 | 0 | |a Social identity and status in the Classical and Hellenistic Northern Peloponnese : |b the evidence from burials / |c Nikolas Dimakis. |
| 264 | 1 | |a Oxford : |b Archaeopress Publishing Ltd, |c [2016] | |
| 264 | 4 | |c ©2016 | |
| 300 | |a 1 online resource : |b illustrations (black and white, and colour). | ||
| 336 | |a text |2 rdacontent | ||
| 336 | |a still image |2 rdacontent | ||
| 337 | |a computer |2 rdamedia | ||
| 338 | |a online resource |2 rdacarrier | ||
| 490 | 1 | |a Archaeopress archaeology | |
| 500 | |a Previously issued in print: 2016. | ||
| 520 | 8 | |a Classical and Hellenistic cemeteries can give us more than descriptions and styles of pottery, art and burial architecture; they can speak of people, societies, social conventions as well as of social distinctions. This book aims to employ and illustrate the unique strengths of burial evidence and its contribution to the understanding of social identity and status in the Classical and Hellenistic Northern Peloponnese. | |
| 521 | |a Specialized. | ||
| 588 | |a Description based on online resource; title from home page (viewed on March 7, 2017). | ||
| 651 | 0 | |a Peloponnesus (Greece : Peninsula) |x Civilization. | |
| 651 | 0 | |a Peloponnesus (Greece : Peninsula) |x History. | |
| 651 | 0 | |a Peloponnesus (Greece : Peninsula) |x Antiquities. | |
| 651 | 0 | |a Peloponnesus (Greece : Peninsula) |x Social life and customs. | |
| 650 | 0 | |a Burial |z Greece |z Peleponnesus |x History |y To 1500. | |
| 776 | 0 | 8 | |i Print version : |z 9781784915063 |
| 830 | 0 | |a Archaeopress archaeology. | |
| 856 | 4 | 0 | |3 Archaeopress |u http://library.arce.org:8087/Archaeopress/Products/9781784915063 |
| 942 | |2 lcc |c EBOOK | ||
| 952 | |0 0 |1 0 |4 0 |6 DF0261 P3 |7 1 |9 46229 |a ARCH |b ARCH |d 2023-04-12 |l 0 |o DF261.P3 |r 2023-04-12 00:00:00 |w 2023-04-12 |y EBOOK | ||
| 999 | |c 51887 |d 51887 | ||
